000 00782nam a2200217 i 4500
001 81269
003 ES-MaACL
005 20250708063323.0
007 t|
008 041103s1939 ag ||||1| spa d
100 1 _aHume, David,
_d1711-1776
_964719
245 1 0 _aDavid Hume
_b: selección de textos /
_cprecedidos de un estudio de L[ucien] Levy Bruhl ; traducción y notas de Leon Dujovne.
260 _aBuenos Aires :
_bEdit. Sudamericana,
_c[1939] (
_fLinari y Cia)
300 _a175 p. ;
_c18 cm.
490 1 _aBreviarios del pensamiento filosófico
700 1 _aLévy-Bruhl, Lucien.
_972014
700 1 _aDujovne, León.
_945953
830 0 _aBreviarios del pensamiento filosófico
_9184276
852 _aES-MaACL
_jF-6138
_bR.23415
999 _c81269
_d81269